000 00578nam a2200205Ia 4500
003 GCL
008 140319s9999 xx 000 0 ara d
040 _aGCL /
_cGCL
082 0 4 _aق
_b916.621
_bم ن
100 1 _aمحمد عوض محمد
245 1 0 _aنهر النيل /
_cمحمد عوض محمد
260 _a[S.N] :
_bلجنة التأليف والترجمة والنشر ،
_c1952
300 _a340 ص
490 _a
650 0 4 _aمصر
650 0 4 _aنهر النيل
650 0 4 _aمنابع النيل
650 0 4 _aالسد العالى
942 _2ddc
_cBK
999 _c58828
_d58828